000 00374nam a2200133Ia 4500
005 20251222152033.0
008 251222s9999||||xx |||||||||||||| ||spa||
082 _a638.12/E41
100 _aElizalde Vilela,Reynaldo
245 0 _aManual de Abejas Nativas sin Aguijón De la Reserva de Biósfera del Noroeste del Perú
250 _a2da. ed.
264 _bUNT
942 _cLIB
999 _c25751
_d25751